Le tribú romane: atti della XVIe Rencontre sur l'épigraphie

Guardat en:
Dades bibliogràfiques
Autor principal: Silvestrini, Marina (Autor)
Format: Llibre
Idioma:italià
Publicat: Bari Edipuglia 2010
Edició:1a. ed
Col·lecció:Scavi e Ricerche, 19
Matèries:
Etiquetes: Afegir etiqueta
Sense etiquetes, Sigues el primer a etiquetar aquest registre!

MARC

LEADER 00000cam a2200000 a 4500
001 UCD9416
003 CL-VaPUC
005 20230109084119.0
008 170616e20100000it 1 ita d
020 |a 9788872286050 
082 0 4 |a 411.7  |b SIL  |2 21 
100 1 |a Silvestrini, Marina  |e author  |9 622267 
245 1 3 |a Le tribú romane: atti della XVIe Rencontre sur l'épigraphie 
250 |a 1a. ed 
260 |a Bari  |b Edipuglia  |c 2010 
300 |a 522 p 
490 0 |a Scavi e Ricerche, 19 
583 |a last modification  |c 20170616 21:05:00  |k Rodrigo Vera 
650 0 7 |a EPIGRAFIA  |2 CL-VaPUC  |9 340320 
650 0 7 |a EPIGRAFIA LATINA  |2 CL-VaPUC  |9 439909 
650 0 7 |a EPIGRAMAS  |2 CL-VaPUC  |9 433332 
650 0 0 |a Tribus  |9 353059 
942 |c BK 
945 |a arojas  |d 20170616 21:05:00 
546 |a En Italiano 
518 |p Rencontre sur L'épigraphie, 16, Bari, 8-10 ottobre 2009 
999 |c 384901  |d 384899 
952 |0 0  |1 0  |3 erb  |4 0  |6 411_700000000000000_SIL_2010  |7 0  |8 A  |9 507904  |a FDOLAF  |b FDOLAF  |e Laffi, Umberto  |i 5397634  |o 411.7 SIL 2010  |p 5397634  |r 2024-01-30  |w 2020-01-23  |y BK  |z Catalogado en:20170616  |k LAF